Hyderabad...Down Memory Lane; (Record no. 210685)

MARC details
000 -LEADER
fixed length control field 00691nam a22002057a 4500
005 - DATE AND TIME OF LATEST TRANSACTION
control field 20250402160831.0
010 ## - LCCN (DPL NO)
LC control number ENG-144420
020 ## - INTERNATIONAL STANDARD BOOK NUMBER
International Standard Book Number 9789384354350
Terms of availability 1200.00
035 ## - SYSTEM CONTROL NUMBER
System control number EN-127952
037 ## - SOURCE OF ACQUISITION
Source of stock number/acquisition DBAD
082 ## - DEWEY DECIMAL CLASSIFICATION NUMBER
Classification number 954.35
Edition number 1st
100 ## - MAIN ENTRY--PERSONAL NAME
Personal name Yazdani Ghulam
245 ## - TITLE STATEMENT
Title Hyderabad...Down Memory Lane;
Statement of responsibility, etc Ghulam Yazdani
Medium English
Remainder of title Anecdotes Pleasantries Flashback Small Talk/
250 ## - EDITION STATEMENT
Edition statement 1st
260 ## - PUBLICATION, DISTRIBUTION, ETC. (IMPRINT)
Place of publication, distribution, etc Hyderabad, Telangana
Date of publication, distribution, etc 2015
Name of publisher, distributor, etc Dr. Zore Foundation
270 ## - ADDRESS
Address 6-3-662,Block-2, Zore Complex, Somajiguad
City Hyderabad, Telangana
Electronic mail address dinayazdani@hotmail.com
300 ## - PHYSICAL DESCRIPTION
Extent 216.p
Dimensions 25cm. (Hb)
700 ## - ADDED ENTRY--PERSONAL NAME
9 (RLIN) 80043
942 ## - ADDED ENTRY ELEMENTS (KOHA)
Source of classification or shelving scheme Dewey Decimal Classification
Item type English Books
Classification part 954.35
Call number suffix YAZ
Edition 1
Holdings
Withdrawn status Lost status Not for loan Home library Current library Date acquired Source of acquisition Cost, normal purchase price Full call number Barcode Copy number Cost, replacement price Koha item type
      Central Jail Tihar Central Jail Tihar 02/04/2025 DBAD 1200.00 954.35 YAZ EN-127952 1 1200.00 English Books

© Delhi Public Library
Hit Counter
free hit counter